00546nam a2200169Ia 4500003000900000008004100009020001800050040001600068080001900084100002000103245009500123260004200218300001500260490005000275650002600325650002500351IN-BaIIA211028s9999 xx 000 0 eng d a90-277-1374-X cIIA Library a523.9:538bPRI aPriest, Eric R. 0aSolar magneto-hydrodynamicscEric R. Priest  aDordrechtbD. Reidel Publishingc1982 axix, 469p. aGeophysics and astrophysics monographs; v. 21 aMagneto-hydrodynamics aSolar magnetic field